000
00374nam a2200181Ia 4500
001
11408
005
20250626030857.0
008
211022s9999 xx 000 0 und d
020
_a
0316729922
082
_a
153.42 MIN
100
_a
Mind Gym
245
4
_a
The Mind Gym
260
_a
London
260
_b
Time Warner
260
_c
2005
300
_a
308
942
_c
BK
999
_c
13530
_d
13530